000 00380nam a2200145Ia 4500
008 230917s9999||||xx |||||||||||||| ||und||
040 _e21354
_aMAIN
041 _aEnglish
082 _a302.35 B624O
100 _aBlumberg, Rhoda Lois
245 0 _aOrganization in contemporary society
260 _aEnglewood Cliffs
_bPrentice Hall
_c1987
300 _axiv, 300 p.
942 _cBK
999 _c60946
_d60946